| 000 | 00566nam a22001937a 4500 | ||
|---|---|---|---|
| 005 | 20260128152425.0 | ||
| 010 | _aENG-147706 | ||
| 020 |
_a9789367005217 _c275.00 |
||
| 035 | _aEN-131238 | ||
| 037 | _bDBAD | ||
| 082 |
_21 _aN |
||
| 100 |
_aVerkaik, Koos _986983 |
||
| 245 |
_aThe Lost Art/ _cKoos Verkaik |
||
| 250 | _a1 | ||
| 260 |
_aEast Delhi _bPharos Books _c2025 |
||
| 270 |
_aPlot No. -63 Main Mother Dairy Road Pandav Nagar, East Delhi _bEast Delhi _e110092 _k011-403958555 _msales@pharosbooks.in |
||
| 300 |
_a256p. _c21cm(pb) |
||
| 942 |
_2ddc _cEN _mVER _hN |
||
| 999 |
_c214597 _d214597 |
||